| 000 | 01019nam a22002297a 4500 | ||
|---|---|---|---|
| 003 | NALT | ||
| 005 | 20251125232736.0 | ||
| 008 | s2533 th tha d | ||
| 040 | _aNALT | ||
| 041 | _atha | ||
| 050 |
_aHC 445 _bช64ป 2533 |
||
| 100 | 0 |
_954492 _aชัย เรืองศิลป์ |
|
| 245 | 1 | 0 |
_aประวัติศาสตร์ไทยด้านเศรษฐกิจแต่โบราณถึง พ.ศ. 2399 / _cชัย เรืองศิลป์ ; พรเพ็ญ ฮั่นตระกูล บรรณาธิการ. |
| 260 |
_aกรุงเทพฯ : _bต้นอ้อ, _c2533. |
||
| 300 |
_a288 หน้า : _bภาพประกอบ ; |
||
| 651 | 4 |
_93477 _aไทย _xภาวะเศรษฐกิจ |
|
| 700 | 0 |
_954491 _aพรเพ็ญ ฮั่นตระกูล |
|
| 850 | _aNALT | ||
| 856 | 4 | 0 | _uhttps://hdl.handle.net/20.500.14156/444224 |
| 942 |
_cGB _2lcc |
||
| 998 |
_bphon _j104 _k สายฝน ดีงาม |
||
| 999 |
_c1247 _d1247 |
||